Le bostoniane /

Deciso, al ritorno dall'Europa ormai divenuta sua seconda patria, a scrivere "una storia molto americana", Henry James individuava subito un tema che gli sembrava nuovo, inquietante e caratteristico di quel che stava accadendo nel suo paese: "la condizione delle donne, il declino del sentimento del...

Descripción completa

Guardado en:
Detalles Bibliográficos
Autor principal: James, Henry, (1843-1916) (Autor)
Otros Autores: Fink, Guido (Autor de introducción, etc.), Bonsanti, Marcella (Traductor)
Formato: Libro
Lenguaje:italiano
Publicado: Roma : Biblioteca economica Newton, 2005
Colección:Biblioteca economica Newton. Classici ; 170
Etiquetas: Agregar Etiqueta
Sin Etiquetas, Sea el primero en etiquetar este registro!

MARC

LEADER 00000nam a22000007i 4500
001 IT\ICCU\MOD\0991010
003 ItRI
005 20250724104206.0
008 060224s2005 it |||||| ||||| |||||c
020 |a 8854105031 
040 |b ita  |c ct 
041 7 |a ita  |2 ISO-639-2 
100 1 |a James, Henry,  |d  (1843-1916)  |0 IT\ICCU\CFIV\000435  |4 aut 
240 1 4 |a The Bostonians  |9 James, Henry <1843-1916> 
245 1 3 |a Le bostoniane /  |c Henry James ; introduzione di Guido Fink ; traduzione integrale di Marcella Bonsanti. 
260 |a Roma :  |b Biblioteca economica Newton,  |c 2005 
300 |a 399 p. ;  |c 22 cm. 
520 |a Deciso, al ritorno dall'Europa ormai divenuta sua seconda patria, a scrivere "una storia molto americana", Henry James individuava subito un tema che gli sembrava nuovo, inquietante e caratteristico di quel che stava accadendo nel suo paese: "la condizione delle donne, il declino del sentimento del sesso, il movimento in loro favore". Ne usciva "Le bostoniane", accolto malissimo in patria, causa la narrazione dell'amicizia ambigua tra le due protagoniste, Olive e Verena. A più di un secolo di distanza, Le bostoniane rimane un testo importante, che contiene un messaggio ostile e una speranza per le donne, un veleno per cui viene offerto paradossalmente l'antidoto. 
700 1 |a Fink, Guido  |0 IT\ICCU\CFIV\008237  |4 aui 
700 1 |a Bonsanti, Marcella  |0 IT\ICCU\CFIV\066659  |4 trl 
830 0 |a Biblioteca economica Newton. Classici ;  |v 170  |0 IT\ICCU\RAV\0242528 
942 |2 ddc  |c BK 
952 |0 0  |1 0  |2 ddc  |4 0  |6 B_LNR02JAMHEBOS11  |7 0  |9 7304  |a MI  |b MI  |d 2010-02-08  |i 5810  |l 0  |o B-LNR02-JAMHE-BOS11  |p CDOM5810  |r 2025-07-13 16:28:36  |w 2025-07-13  |x ACQUISTO  |y BK 
981 1 |6 z01  |a i   |b xxxe  
982 1 |6 z01  |a n 
999 |c 6010  |d 6010